Ocenění startovních podmínek zprivatizovaných podniků ve zpracovatelském průmyslu ČR. 2
Vplyv likvidity na investičné chovanie. Skladba finančných zdrojov v spracovateľskom priemysle. Vonkajšie zdroje financovania. Stimulácia investičného chovania hospodárskou politikou. Preinvestičná stratégia hospodárskej politiky v podmienkach ekonomickej transformácie.
Salvato in:
| Autore principale: | |
|---|---|
| Natura: | Capitolo di libro |
| Lingua: | ceco |
| Soggetti: | |
| Tags: |
Nessun Tag, puoi essere il primo ad aggiungerne!!
|
MARC
| LEADER | 00000naa a2200000 4500 | ||
|---|---|---|---|
| 001 | r017511 | ||
| 005 | 20221205075833.6 | ||
| 041 | 0 | |a cze | |
| 044 | |a CZ | ||
| 245 | 1 | 0 | |a Ocenění startovních podmínek zprivatizovaných podniků ve zpracovatelském průmyslu ČR. 2 |c D. Hanzlová |
| 520 | |a Vplyv likvidity na investičné chovanie. Skladba finančných zdrojov v spracovateľskom priemysle. Vonkajšie zdroje financovania. Stimulácia investičného chovania hospodárskou politikou. Preinvestičná stratégia hospodárskej politiky v podmienkach ekonomickej transformácie. | ||
| 610 | 2 | 0 | |a zdroje finančné |
| 610 | 2 | 0 | |a podnik priemyselný |
| 610 | 2 | 0 | |a priemysel spracovateľský |
| 610 | 2 | 0 | |a Česko |
| 610 | 2 | 0 | |a investície |
| 610 | 2 | 0 | |a likvidita |
| 610 | 2 | 0 | |a financovanie podnikov |
| 610 | 2 | 0 | |a politika hospodárska |
| 610 | 2 | 0 | |a transformácia |
| 610 | 2 | 0 | |a privatizácia |
| 100 | 1 | |a Hanzlová, D. | |